000 00449pab a2200181 454500
008 180718b2000 xxu||||| |||| 00| 0 eng d
100 _aEntwisle, Doris R.
245 _aEarly work histories of urban youth
260 _c2000
300 _ap.279-97
362 _aApr
650 _aYouth
650 _aUrban youth
700 _aOlson, Linda Steffel
700 _aAlexander, Karl L.
773 _aAmerican Sociological Review
909 _a44920
999 _c44920
_d44920